| 000 | 01386nam0a22002891 4500 | ||
|---|---|---|---|
| 001 | rc\4746182 | ||
| 005 | 20250612165823.0 | ||
| 021 |
_aRU _b[65-23563] |
||
| 035 | _a(NLR Aleph) 008739137 | ||
| 090 |
_a9522336 _c9522336 |
||
| 100 | _a20130416d1965 |||y0rusy50 ca | ||
| 101 | 0 | _arus | |
| 102 | _aRU | ||
| 105 | _ay z ||||| | ||
| 200 | 1 |
_aОплата труда рабочих по аккордным нарядам _e[Сборник] _fГос. производ. ком. по орошаемому земледелию и водному хозяйству СССР. Отд. труда и заработной платы с Центр. нормативно-исслед. бюро |
|
| 210 |
_aМосква _cКолос _d1965 |
||
| 215 |
_a32 с. _d21 |
||
| 300 | _aНа обороте тит. л. сост.: Булкин П.И. и Степовой И.К. | ||
| 606 |
_aГидротехническое строительство _xЗаработная плата _2psbo |
||
| 702 | 1 |
_aБулкин _bП.И. _4220 |
|
| 702 | 1 |
_aСтеповой _bИ.К. _4220 |
|
| 712 | 0 | 2 | _aСССР. Производственный ком. по орошаемому земледелию и водному хозяйству. Отдел труда и заработной платы |
| 801 | 0 |
_aRU _bNLR _gpsbo |
|
| 801 | 1 |
_aRU _bELAR _2rusmarc |
|
| 852 |
_aNLR _j65-6/4308 |
||
| 942 | _cBOOK | ||
| 980 | _aNB | ||